| 000 | 00779nam a2200253 i 4500 | ||
|---|---|---|---|
| 001 | 169247 | ||
| 003 | ES-MaACL | ||
| 005 | 20230906214034.0 | ||
| 008 | 080825s2007 sp a |||| |dspa d | ||
| 020 | _a978-84-670-2635-1 | ||
| 080 | _a929 Boadella, Albert | ||
| 080 | _a323.17(460.23) | ||
| 100 | 1 |
_aBoadella, Albert. _929621 |
|
| 245 | 1 | 0 |
_aAdiós Cataluña _b: crónica de amor y de guerra / _cAlbert Boadella. |
| 260 |
_aPozuelo de Alarcón : _bEspasa Calpe, _c2007. |
||
| 300 |
_a284 p. : _bil. col. ; _c23 cm. |
||
| 490 | 1 | _aEspasa hoy | |
| 586 | _a"Premio Espasa Ensayo 2007" | ||
| 600 | 1 | 4 |
_aBoadella, Albert. _929621 |
| 650 | 4 |
_aNacionalismo- _xCataluña. _915442 |
|
| 830 | 0 |
_aEspasa hoy _9179010 |
|
| 852 |
_aES-MaACL _jL-29737 |
||
| 999 |
_c169247 _d169247 |
||